000 00689nam a2200217Ia 4500
003 IN-BaIIA
008 211028s9999 xx 000 0 eng d
020 _aNO
040 _cIIA Library
080 _a629.19
_bALP
245 0 _aVistas in Astronautics
_bvol. 2
_cedited by Morton Alperin, Marvin Stern and Harold Wooster
260 _aLondon, Pergamon Press
_c1958
300 _axi, 330p.
490 _aInternational Series of Monographs on Aeronautical Sciences
650 _aAstronautics
_93551
650 _aAstronomy and Astrophysics Thesaurus
700 _aAlperin, Morton.,ed.
_93552
700 _aStern, Marvin.,ed.
_93553
700 _aWooster, Harold.,ed.
_93554
942 _cBK
999 _c1852
_d1852